01592nam a2200385 a 4500001001000000003000500010005001700015008004100032010001100073011001100084040000900095090001000104100003300114245012500147260004100272500006000313502007500373590004100448590004100489590004000530590004000570590004000610650004100650650003400691650003800725650002300763650003200786856007000818901000700888942001000895942000600905999001900911952013600930952014001066000109291CHAP20220329144045.0140415s2013 mx sm |||||||spa d a105753 a106725 cCHAP aTesis1 aTapia Franco, Karina912663810aPasta detoxificada de higuerilla (Ricinus communis L.) en la engorda de corderosh[En línea]cpor Karina Tapia Franco. aChapingo, Méx. :bEl autor,c2013. aPara ver el contenido del material haga clic en la liga aTesis (Ing. en Agroecología) -- UACH. Departamento de Agroecología aBATCH-UPDb05c20141002lUCH01h0901 aE11695DGDb10c20140428lUCH01h0838 aE5995AHEb05c20140507lUCH01h0943 aE6096MTMb05c20140415lUCH01h1500 aE6096MTMb05c20140415lUCH01h150214aGanado lanarxAlimentación.94515314aGanado lanarxEngorda.94517514aGanado lanarxNutrición.94520514aHiguerilla.95536514aPastas alimenticias.985906 aFinding aiduhttp://10.13.5.2/tesis/sist109291.pdfzTeclea aquí aBK cTESIS n0 c105753d105753 00104054718TESISaBCbBCd2014-04-15fTESISl0oTesisp33724002384165r2019-12-31 00:00:00w2019-12-31yTESISzRecien adquirido 00102local4053708TESISaBCbBCcPA_TESISd2014-04-15fTESISl0oTesisp33724002384207r2019-12-31 00:00:00tc.2w2019-12-31yTESIS